<?xml version="1.0" encoding="UTF-8"?>
<record
    xmlns:xsi="http://www.w3.org/2001/XMLSchema-instance"
    xsi:schemaLocation="http://www.loc.gov/MARC21/slim http://www.loc.gov/standards/marcxml/schema/MARC21slim.xsd"
    xmlns="http://www.loc.gov/MARC21/slim">

  <leader>03266nam a2200289   4500</leader>
  <controlfield tag="001">15</controlfield>
  <controlfield tag="003">OSt</controlfield>
  <controlfield tag="005">20250528074009.0</controlfield>
  <controlfield tag="008">250120b        |||||||e |||| 00| 1 eng d</controlfield>
  <datafield tag="020" ind1=" " ind2=" ">
    <subfield code="a">8528600599</subfield>
  </datafield>
  <datafield tag="040" ind1=" " ind2=" ">
    <subfield code="b">por</subfield>
  </datafield>
  <datafield tag="041" ind1=" " ind2=" ">
    <subfield code="h">spa</subfield>
    <subfield code="a">por</subfield>
  </datafield>
  <datafield tag="082" ind1=" " ind2=" ">
    <subfield code="a">ch860</subfield>
    <subfield code="b">A432e</subfield>
  </datafield>
  <datafield tag="100" ind1=" " ind2=" ">
    <subfield code="a">Allende, Isabel</subfield>
    <subfield code="d">1942-</subfield>
    <subfield code="9">29</subfield>
  </datafield>
  <datafield tag="245" ind1=" " ind2=" ">
    <subfield code="a">Eva Luna /</subfield>
    <subfield code="c">Allende, Isabel ; Tradu&#xE7;&#xE3;o de Lu&#xED;sa Iba&#xF1;ez</subfield>
  </datafield>
  <datafield tag="260" ind1=" " ind2=" ">
    <subfield code="a">Rio de Janeiro</subfield>
    <subfield code="b">Bertrand Brasil</subfield>
    <subfield code="c">1988</subfield>
  </datafield>
  <datafield tag="300" ind1=" " ind2=" ">
    <subfield code="a">328 p.</subfield>
  </datafield>
  <datafield tag="520" ind1=" " ind2=" ">
    <subfield code="a"> &#x201C;Chamo-me Eva, que quer dizer vida. Nasci no quarto dos fundos de uma casa sombria e cresci entre m&#xF3;veis antigos, livros em latim e m&#xFA;mias humanas, embora isso n&#xE3;o me tenha tornado melanc&#xF3;lica, pois vim ao mundo tendo na mem&#xF3;ria um h&#xE1;lito de selva.&#x201D; A oitava edi&#xE7;&#xE3;o brasileira de Eva Luna chega &#xE0;s livrarias com um novo projeto gr&#xE1;fico. Terceiro romance da autora hispano-americana, publicado pela primeira vez em 1987, &#xE9; considerado a obra que consagrou definitivamente Isabel Allende como uma das vozes importantes da literatura contempor&#xE2;nea. Antes, ela publicara A Casa dos Esp&#xED;ritos e De Amor e de Sombra, que j&#xE1; a haviam al&#xE7;ado a um seleto grupo de autores. Em seus primeiros trabalhos, Allende afirmava escrever para arrancar os fantasmas que levava dentro de si e que n&#xE3;o a deixavam em paz. Atribuiu &#xE0; palavra o poder de ressuscitar os mortos, reunir os desaparecidos e reconstruir o mundo perdido. Em Eva Luna, ela tamb&#xE9;m deseja testemunhar e denunciar. Eva Luna, a protagonista e narradora, relata a burlesca hist&#xF3;ria da sua pr&#xF3;pria vida e das pessoas que encontrou ao longo do caminho. &#x201C;Os personagens tornam-se a imagem verdadeira de uma coletividade. Para defender suas opini&#xF5;es e livrar-se de suas obsess&#xF5;es, a romancista cria caracteres e tipos, misturando realidade e imagina&#xE7;&#xE3;o: a madrinha que enlouquece; Mimi, um homossexual; Huberto Naranjo, um guerrilheiro; e Rolf Carl&#xE9;, um cineasta. Eva, a primeira mulher, tem uma vida de pobreza e de lutas pela sobreviv&#xEA;ncia, num contexto de caudilhos e de ditaduras militares, em que o povo nunca decide o curso dos acontecimentos.&#x201D; Por sua cr&#xED;tica e den&#xFA;ncia da realidade social, Eva Luna aproxima-se da tradi&#xE7;&#xE3;o do romance picaresco espanhol, cedo implantado na Am&#xE9;rica hisp&#xE2;nica. A ironia diante das condi&#xE7;&#xF5;es adversas e o humor sempre presente transformam em com&#xE9;dia os momentos mais tr&#xE1;gicos. A descoberta de si e do seu corpo conduz Eva Luna &#xE0; realiza&#xE7;&#xE3;o plena da sua identidade. Trata-se de um moderno conto de fadas. A AUTORA De nacionalidade chilena, Isabel Allende nasceu em Lima, no Peru, em 1942. Abandonou o Chile ap&#xF3;s o golpe militar. Aos 16 anos, come&#xE7;ou a trabalhar como jornalista e depois como escritora. A Casa dos Esp&#xED;ritos deu in&#xED;cio, em 1982, &#xE0; sua bem-sucedida carreira liter&#xE1;ria. Entre as suas obras, destacam-se De Amor e de Sombra, Contos de Eva Luna, Paula, Afrodite, Filha da Fortuna e A Cidade das Feras, todas publicadas pela Bertrand Brasil. Vive na Calif&#xF3;rnia, nos Estados Unidos.
Leia menos</subfield>
  </datafield>
  <datafield tag="650" ind1=" " ind2="0">
    <subfield code="a">Literatura Chilena</subfield>
    <subfield code="9">88</subfield>
  </datafield>
  <datafield tag="650" ind1=" " ind2="0">
    <subfield code="a">Drama</subfield>
    <subfield code="9">18</subfield>
  </datafield>
  <datafield tag="650" ind1=" " ind2="0">
    <subfield code="a">Amor e Paix&#xE3;o</subfield>
    <subfield code="9">25</subfield>
  </datafield>
  <datafield tag="650" ind1=" " ind2="0">
    <subfield code="a">Guerra</subfield>
    <subfield code="9">30</subfield>
  </datafield>
  <datafield tag="655" ind1=" " ind2="0">
    <subfield code="a">Romance</subfield>
    <subfield code="9">23</subfield>
  </datafield>
  <datafield tag="655" ind1=" " ind2="0">
    <subfield code="a">Fic&#xE7;&#xE3;o </subfield>
    <subfield code="9">22</subfield>
  </datafield>
  <datafield tag="700" ind1=" " ind2=" ">
    <subfield code="e">Tradutor</subfield>
    <subfield code="a">Lu&#xED;sa Iba&#xF1;ez</subfield>
  </datafield>
  <datafield tag="942" ind1=" " ind2=" ">
    <subfield code="2">ddc</subfield>
    <subfield code="n">0</subfield>
    <subfield code="c">BK</subfield>
  </datafield>
  <datafield tag="952" ind1=" " ind2=" ">
    <subfield code="0">0</subfield>
    <subfield code="1">0</subfield>
    <subfield code="2">ddc</subfield>
    <subfield code="4">0</subfield>
    <subfield code="7">0</subfield>
    <subfield code="8">FIC</subfield>
    <subfield code="a">BIBIB</subfield>
    <subfield code="b">BIBIB</subfield>
    <subfield code="c">LE</subfield>
    <subfield code="d">1989-02-28</subfield>
    <subfield code="e">doa&#xE7;&#xE3;o</subfield>
    <subfield code="l">0</subfield>
    <subfield code="o">ch860 / A432e</subfield>
    <subfield code="p">2025-8077</subfield>
    <subfield code="r">2025-01-20 08:34:18</subfield>
    <subfield code="w">2025-01-20</subfield>
    <subfield code="y">BK</subfield>
  </datafield>
  <datafield tag="999" ind1=" " ind2=" ">
    <subfield code="c">15</subfield>
    <subfield code="d">15</subfield>
  </datafield>
</record>
